000 00555nam a2200241 a 4500
001 nice12345678
003 IN_TiNIC
005 20260116011907.0
008 050524s1967 hyda grp 000 0 eng
020 _a
_c100
082 0 0 _a297.63
_bHOS
100 _aHosain, Safdr
245 _aWho Was Muhammad
260 _aHyderabad
_bAuthor
_c1967
300 _a121p
500 _aincludes index and biblioraphy
505 2 _aarchives
650 _aMuhammad, Prophet
700 1 _aHosain, Safdr
902 _bSRS
942 _cBK
999 _c4770
_d4770